000
00287nam a22001217a 4500
999
_c
12328
_d
12328
020
_a
9789386418401
082
_a
658.15
100
_a
M.L. Bhatia
245
_a
Essentials of Technology Management
260
_a
India
_b
New Age International
_c
2018
300
_a
743 pages.
942
_c
BK